| 000 | 00636cam a2200217Ii 4500 | ||
|---|---|---|---|
| 999 |
_c3102 _d3102 |
||
| 001 | 3573047 | ||
| 003 | OSt | ||
| 005 | 20181024132450.0 | ||
| 008 | 780120s1974 ii 000 0 eng d | ||
| 035 | _atcgc211035 | ||
| 040 |
_aKAT _cKAT _dTSM |
||
| 050 |
_aBV5082 _b.S512 |
||
| 082 |
_a248.2 _bS617A |
||
| 100 | 1 |
_aSingh, Sundar, _d1889-1929. |
|
| 245 | 1 | 0 |
_aAt the Master's feet / _cby Sadhu Sundar Singh ; translated from the Urdu by Arthur and Rebeecca Parker. |
| 260 |
_aMadras : _bChristian Literature Society, _c1974. |
||
| 300 |
_a55 p. ; _c18 cm. |
||
| 700 | 1 | _aParker, Arthur. | |
| 700 | 1 |
_aPārkar, E., _cMrs. |
|
| 942 |
_2ddc _cBK |
||